| 000 | 004440000a22001570004500 | ||
|---|---|---|---|
| 003 | MACL | ||
| 005 | 20180107124010.0 | ||
| 008 | 180107b xxu||||| |||| 00| 0 eng d | ||
| 040 | _cMACL | ||
| 100 |
_aइंदू राणा _969957 |
||
| 245 | _aनन्हे सिंह ने दहाडना सीखा | ||
| 260 |
_bNBT _c2004 |
||
| 350 | _a16 | ||
| 650 |
_aचिल्ड्रन _969958 |
||
| 942 |
_cHIN _k741.642 _2ddc |
||
| 999 |
_c18336 _d18336 |
||